[Event "Sevastopol Waltz Blitz"]
[Site "Sevastopol"]
[Date "2021.08.28"]
[Round "9"]
[White "Lagutina, Olga"]
[Black "Morin, Andrey"]
[Result "0-1"]
[WhiteElo "1856"]
[BlackElo "1922"]
[PlyCount "38"]
[EventDate "2021.08.28"]
[EventType "swiss (blitz)"]
[EventRounds "13"]
[EventCountry "UKR"]
[SourceTitle "CBM 204 Extra"]
[Source "ChessBase"]
[SourceDate "2021.11.30"]
[SourceVersion "1"]
[SourceVersionDate "2021.11.30"]
[SourceQuality "1"]

1. d4 Nf6 2. c4 g6 3. Nc3 Bg7 4. e4 d6 5. Be2 0-0 6. Bg5 c5 7. d5 h6 8. Be3 e6 9. dxe6 Bxe6 10. h3 Nc6 11. Qd2 Kh7 12. 0-0-0 Ne5 13. b3 Qa5 14. Kb2 Nxc4+ 15. bxc4 Nxe4 16. Qc2 Nxc3 17. Kc1 Bf5 18. Bd3 Nxa2+ 19. Kb1 Nb4 0-1

[Event "Sevastopol Waltz Blitz"]
[Site "Sevastopol"]
[Date "2021.08.28"]
[Round "6"]
[White "Morin, Andrey"]
[Black "Diakonova, Ekaterina"]
[Result "0-1"]
[WhiteElo "1922"]
[BlackElo "2157"]
[PlyCount "112"]
[EventDate "2021.08.28"]
[EventType "swiss (blitz)"]
[EventRounds "13"]
[EventCountry "UKR"]
[SourceTitle "CBM 204 Extra"]
[Source "ChessBase"]
[SourceDate "2021.11.30"]
[SourceVersion "1"]
[SourceVersionDate "2021.11.30"]
[SourceQuality "1"]

1. e4 c6 2. d4 d5 3. Bd3 Qc7 4. c3 g6 5. exd5 cxd5 6. Nf3 Nc6 7. h3 Bg7 8. 0-0 Bf5 9. Be2 Bxb1 10. Rxb1 Nf6 11. Re1 0-0 12. Be3 Rab8 13. Qc1 Qd7 14. Bf4 Rbc8 15. Bh6 Ne4 16. Bxg7 Kxg7 17. Bd3 Nd6 18. Qe3 Nf5 19. Qf4 Qd6 20. Qd2 Qd7 21. Ne5 Nxe5 22. Rxe5 e6 23. Bxf5 gxf5 24. Qg5+ Kh8 25. Qf6+ Kg8 26. Re3 Rfd8 27. Qh6 f4 28. Re5 f5 29. Rxe6 f3 30. Qg5+ Qg7 31. Qxg7+ Kxg7 32. Rbe1 fxg2 33. Kxg2 b5 34. Re7+ Kh8 35. Rxa7 b4 36. cxb4 Rc2 37. Ree7 Rxb2 38. Rxh7+ Kg8 39. Rag7+ Kf8 40. Rh8+ Kxg7 41. Rxd8 Rxa2 42. Rxd5 f4 43. Kf3 Rb2 44. b5 Kf7 45. Kxf4 Rxf2+ 46. Ke5 Ke7 47. Rc5 Kd7 48. Rc6 Rb2 49. Rd6+ Ke7 50. b6 Rb5+ 51. Rd5 Rxb6 52. h4 Rh6 53. Ra5 Rh5+ 54. Ke4 Rxa5 55. Kf4 Kf6 56. Ke4 Ke6 0-1

[Event "Sevastopol Waltz Blitz"]
[Site "Sevastopol"]
[Date "2021.08.28"]
[Round "8"]
[White "Morin, Andrey"]
[Black "Ruchieva, Natalia"]
[Result "0-1"]
[WhiteElo "1922"]
[BlackElo "2135"]
[PlyCount "74"]
[EventDate "2021.08.28"]
[EventType "swiss (blitz)"]
[EventRounds "13"]
[EventCountry "UKR"]
[SourceTitle "CBM 204 Extra"]
[Source "ChessBase"]
[SourceDate "2021.11.30"]
[SourceVersion "1"]
[SourceVersionDate "2021.11.30"]
[SourceQuality "1"]

1. e4 d5 2. exd5 Qxd5 3. Nc3 Qa5 4. d4 Nf6 5. Nf3 Bf5 6. Bc4 e6 7. Bd2 c6 8. Ne5 Qc7 9. g4 Be4 10. f3 Bd5 11. Nxd5 exd5 12. Bd3 Bd6 13. Qe2 Qe7 14. 0-0-0 Nbd7 15. f4 0-0-0 16. g5 Bxe5 17. fxe5 Ne8 18. Rdf1 Nc7 19. h4 Ne6 20. c3 c5 21. Be3 Kb8 22. Kb1 Rhf8 23. Rf2 cxd4 24. cxd4 Qb4 25. Rhf1 Nxd4 26. Bxd4 Qxd4 27. Rxf7 Rxf7 28. Rxf7 Nxe5 29. Bc2 Nxf7 30. a3 Qe5 31. Qf3 Qe7 32. Bxh7 Ne5 33. Qg3 g6 34. h5 gxh5 35. g6 Qg7 36. Qg5 Rf8 37. Qxh5 d4 0-1

[Event "Sevastopol Waltz Rapid"]
[Site "Sevastopol"]
[Date "2021.08.27"]
[Round "9"]
[White "Morin, Andrey"]
[Black "Tomilova, Elena"]
[Result "0-1"]
[WhiteElo "1922"]
[BlackElo "2256"]
[PlyCount "62"]
[EventDate "2021.08.26"]
[EventType "swiss (rapid)"]
[EventRounds "9"]
[EventCountry "UKR"]
[SourceTitle "CBM 204 Extra"]
[Source "ChessBase"]
[SourceDate "2021.11.30"]
[SourceVersion "1"]
[SourceVersionDate "2021.11.30"]
[SourceQuality "1"]

1. e4 e6 2. d4 d5 3. e5 c5 4. c3 Nc6 5. Nf3 Qb6 6. Be2 f6 7. 0-0 fxe5 8. dxe5 g6 9. c4 Nge7 10. Nc3 Bg7 11. cxd5 Nxe5 12. Nxe5 Bxe5 13. Bb5+ Kf7 14. Bc4 Kg7 15. Qe2 Qd6 16. dxe6 Bxh2+ 17. Kh1 Qe5 18. f4 Qxe2 19. Nxe2 b5 20. Bxb5 Bxe6 21. Kxh2 Rab8 22. Nc3 Nf5 23. b3 Nd4 24. Bc4 Bxc4 25. bxc4 Rb4 26. Ba3 Rxc4 27. Rac1 Re8 28. Nd5 Ra4 29. Bxc5 Ne2 30. Rc2 Re5 31. fxe5 Rh4# 0-1

[Event "Sevastopol Waltz"]
[Site "Sevastopol"]
[Date "2021.08.23"]
[Round "7"]
[White "Truskavetsky, Alexandr"]
[Black "Morin, Andrey"]
[Result "1-0"]
[WhiteElo "2371"]
[BlackElo "1922"]
[PlyCount "57"]
[EventDate "2021.08.17"]
[EventType "swiss"]
[EventRounds "9"]
[EventCountry "UKR"]
[SourceTitle "CBM 203 Extra"]
[Source "ChessBase"]
[SourceDate "2021.09.30"]
[SourceVersion "1"]
[SourceVersionDate "2021.09.30"]
[SourceQuality "1"]

1. d4 Nf6 2. c4 g6 3. Nc3 Bg7 4. e4 d6 5. f4 0-0 6. Nf3 c5 7. d5 e6 8. dxe6 fxe6 9. Bd3 Nc6 10. 0-0 Nd4 11. Nxd4 cxd4 12. Nb5 e5 13. fxe5 dxe5 14. c5 Be6 15. Bd2 Ng4 16. Qe2 h5 17. h3 Rxf1+ 18. Rxf1 Ne3 19. Bxe3 dxe3 20. Qxe3 Bxa2 21. Nd6 Qe7 22. b3 Bxb3 23. Rb1 Be6 24. Rxb7 Qf8 25. Qg5 Qf6 26. Qxf6 Bxf6 27. c6 Rd8 28. c7 Rxd6 29. Bc4 1-0

[Event "Sevastopol Waltz"]
[Site "Sevastopol"]
[Date "2021.08.22"]
[Round "6"]
[White "Ivanov, Ivan1"]
[Black "Morin, Andrey"]
[Result "0-1"]
[WhiteElo "2008"]
[BlackElo "1922"]
[PlyCount "90"]
[EventDate "2021.08.17"]
[EventType "swiss"]
[EventRounds "9"]
[EventCountry "UKR"]
[SourceTitle "CBM 203 Extra"]
[Source "ChessBase"]
[SourceDate "2021.09.30"]
[SourceVersion "1"]
[SourceVersionDate "2021.09.30"]
[SourceQuality "1"]

1. Nf3 Nf6 2. g3 g6 3. Bg2 Bg7 4. 0-0 0-0 5. c4 d6 6. Nc3 e5 7. d4 Nbd7 8. e4 c6 9. dxe5 dxe5 10. b3 Re8 11. Qc2 Qc7 12. Ba3 Bf8 13. Bb2 Nc5 14. b4 Ne6 15. Ne2 Nd7 16. a3 b6 17. Rfd1 Bb7 18. Qc3 Bg7 19. Qe3 Rad8 20. Bh3 Ndf8 21. Rac1 Rxd1+ 22. Rxd1 c5 23. b5 Nd4 24. Nc3 Nfe6 25. Nd5 Qd8 26. Nd2 Nc7 27. a4 Rf8 28. Rf1 f5 29. f3 Kh8 30. Rf2 Ne8 31. Bc1 Nd6 32. Bg2 Rf7 33. Bf1 Qf8 34. Bd3 f4 35. gxf4 Bh6 36. Qe1 Bxd5 37. exd5 Bxf4 38. Bb2 Bxd2 39. Qxe5+ Kg8 40. Bxd4 cxd4 41. Rxd2 Rxf3 42. Qxd4 Qh6 43. Qg4 Qe3+ 44. Kg2 Qxd2+ 45. Kxf3 Qxd3+ 0-1

[Event "Sevastopol Waltz"]
[Site "Sevastopol"]
[Date "2021.08.20"]
[Round "4"]
[White "Morin, Andrey"]
[Black "Kiselev, Pavel"]
[Result "1/2-1/2"]
[WhiteElo "1922"]
[BlackElo "2336"]
[PlyCount "89"]
[EventDate "2021.08.17"]
[EventType "swiss"]
[EventRounds "9"]
[EventCountry "UKR"]
[SourceTitle "CBM 203 Extra"]
[Source "ChessBase"]
[SourceDate "2021.09.30"]
[SourceVersion "1"]
[SourceVersionDate "2021.09.30"]
[SourceQuality "1"]

1. e4 c5 2. Nf3 e6 3. d4 cxd4 4. Nxd4 Nc6 5. Nc3 Qc7 6. g3 a6 7. Bg2 Nf6 8. 0-0 Be7 9. Bf4 e5 10. Nxc6 dxc6 11. Be3 0-0 12. Na4 Nd7 13. Bh3 Nc5 14. Bxc5 Bxh3 15. Bb6 Qc8 16. Re1 Qe6 17. Qe2 h5 18. Nc5 Qg6 19. a4 h4 20. Ra3 Rae8 21. Rd3 Bg4 22. f3 Bc8 23. Qg2 hxg3 24. hxg3 Bd8 25. a5 Bxb6 26. axb6 f5 27. b4 Rd8 28. Red1 Rxd3 29. Rxd3 Qg5 30. c3 Rd8 31. Qa2+ Kf8 32. Rxd8+ Qxd8 33. Qf2 Qd1+ 34. Qf1 Qd2 35. Qd3 Qe1+ 36. Kg2 f4 37. gxf4 exf4 38. Qd8+ Kf7 39. Qxc8 Qe2+ 40. Kg1 Qe1+ 41. Kg2 Qg3+ 42. Kf1 Qxf3+ 43. Ke1 Qxc3+ 44. Kd1 Qa1+ 45. Kc2 1/2-1/2

[Event "Sochi ChessAmateur op10"]
[Site "Sochi"]
[Date "2018.10.14"]
[Round "4"]
[White "Morin, Andrey"]
[Black "Krylov, Aleksey"]
[Result "1/2-1/2"]
[WhiteElo "2114"]
[BlackElo "2229"]
[PlyCount "110"]
[EventDate "2018.10.12"]
[EventType "swiss"]
[EventRounds "9"]
[EventCountry "RUS"]
[SourceTitle "CBM 187 Extra"]
[Source "ChessBase"]
[SourceDate "2018.11.04"]
[SourceVersion "1"]
[SourceVersionDate "2018.11.04"]
[SourceQuality "1"]

1. e4 e5 2. Nc3 Bc5 3. Bc4 Nf6 4. f4 d6 5. Nf3 Nc6 6. d3 a6 7. Rf1 Qe7 8. fxe5 dxe5 9. Bg5 Be6 10. Nd5 Bxd5 11. Bxd5 Qd6 12. Bxc6+ bxc6 13. Nh4 Nd7 14. Nf5 Qg6 15. Qd2 f6 16. Be3 Bxe3 17. Nxe3 Qf7 18. Qc3 Qe6 19. Kf2 0-0 20. Kg1 g6 21. Nc4 c5 22. a3 Nb6 23. b4 Nxc4 24. Qxc4 Qxc4 25. dxc4 Rad8 26. Rad1 Rd4 27. Rxd4 cxd4 28. g4 Kg7 29. Rf3 h6 30. c3 Rd8 31. Rd3 dxc3 32. Rxc3 Kf7 33. Kg2 Ke6 34. b5 Rd2+ 35. Kg3 Rb2 36. h4 h5 37. gxh5 gxh5 38. a4 Rb4 39. a5 axb5 40. cxb5 Rxb5 41. Rc6+ Kd7 42. Rxf6 Rxa5 43. Rf5 Ra3+ 44. Kf2 Kd6 45. Rxh5 Rh3 46. Ke2 c6 47. Kd2 Kc5 48. Rxe5+ Kd4 49. Re8 Rh2+ 50. Kd1 Rxh4 51. e5 Kd5 52. Kc2 Re4 53. e6 Rxe6 54. Rxe6 Kxe6 55. Kc3 Kd5 1/2-1/2

[Event "Sochi ChessAmateur op10"]
[Site "Sochi"]
[Date "2018.10.13"]
[Round "3"]
[White "Tamaev, Vitaly"]
[Black "Morin, Andrey"]
[Result "0-1"]
[WhiteElo "1727"]
[BlackElo "2114"]
[PlyCount "58"]
[EventDate "2018.10.12"]
[EventType "swiss"]
[EventRounds "9"]
[EventCountry "RUS"]
[SourceTitle "CBM 187 Extra"]
[Source "ChessBase"]
[SourceDate "2018.11.04"]
[SourceVersion "1"]
[SourceVersionDate "2018.11.04"]
[SourceQuality "1"]

1. e4 d6 2. d4 Nf6 3. Nc3 g6 4. f4 Bg7 5. Nf3 0-0 6. Bd3 Nc6 7. 0-0 e5 8. d5 Ne7 9. fxe5 dxe5 10. Ne2 c6 11. c4 cxd5 12. cxd5 Nexd5 13. exd5 e4 14. Bc4 exf3 15. Rxf3 Ng4 16. Qf1 Nxh2 17. Kxh2 Qh4+ 18. Kg1 Qxc4 19. Nf4 Qxf1+ 20. Kxf1 Bg4 21. Rb3 b6 22. a4 Rfe8 23. a5 Rad8 24. axb6 axb6 25. Rxb6 g5 26. Nh3 Be2+ 27. Ke1 Bc4+ 28. Kd1 Bxd5 29. Bxg5 Bb3+ 0-1

[Event "Sochi ChessAmateur op"]
[Site "Sochi"]
[Date "2018.04.04"]
[Round "6"]
[White "Velikanov, Igor"]
[Black "Morin, Andrey"]
[Result "1/2-1/2"]
[WhiteElo "2231"]
[BlackElo "2100"]
[PlyCount "69"]
[EventDate "2018.04.01"]
[EventType "swiss"]
[EventRounds "9"]
[EventCountry "RUS"]
[SourceTitle "CBM 184 Extra"]
[Source "ChessBase"]
[SourceDate "2018.06.28"]
[SourceVersion "1"]
[SourceVersionDate "2018.06.28"]
[SourceQuality "1"]

1. d4 Nf6 2. c4 g6 3. Nc3 Bg7 4. e4 d6 5. Nf3 0-0 6. h3 e5 7. dxe5 dxe5 8. Qxd8 Rxd8 9. Bg5 c6 10. Nxe5 Re8 11. 0-0-0 h6 12. Bf4 Na6 13. Bh2 Nc5 14. Bd3 Nh5 15. Nf3 g5 16. g4 Nf4 17. Bxf4 gxf4 18. Kc2 Be6 19. b3 Nd7 20. Rhe1 Ne5 21. Nxe5 Bxe5 22. Be2 Kg7 23. Na4 Rad8 24. Nc5 b6 25. Nd3 f6 26. Nxe5 fxe5 27. Rxd8 Rxd8 28. Rd1 Rxd1 29. Kxd1 c5 30. h4 Kf6 31. f3 a5 32. Kc2 Bd7 33. Kb2 Bc6 34. Bd1 Bd7 35. a4 1/2-1/2

[Event "Sochi ChessAmateur op"]
[Site "Sochi"]
[Date "2018.04.03"]
[Round "4"]
[White "Kardashev, Kamil"]
[Black "Morin, Andrey"]
[Result "0-1"]
[WhiteElo "2232"]
[BlackElo "2100"]
[PlyCount "132"]
[EventDate "2018.04.01"]
[EventType "swiss"]
[EventRounds "9"]
[EventCountry "RUS"]
[SourceTitle "CBM 184 Extra"]
[Source "ChessBase"]
[SourceDate "2018.06.28"]
[SourceVersion "1"]
[SourceVersionDate "2018.06.28"]
[SourceQuality "1"]

1. Nf3 Nf6 2. g3 g6 3. Bg2 Bg7 4. 0-0 0-0 5. Re1 d5 6. d3 c5 7. Nbd2 Nc6 8. e4 e5 9. exd5 Nxd5 10. c3 Nde7 11. Nc4 f6 12. Qb3 Kh8 13. Nfd2 b6 14. Ne4 Be6 15. Qc2 Nd5 16. Bd2 Qd7 17. a4 Rad8 18. a5 Bg8 19. axb6 axb6 20. Qa4 Qc7 21. Qb5 Ra8 22. Ned6 Rxa1 23. Rxa1 Rd8 24. Ne4 f5 25. Ng5 h6 26. Nf3 g5 27. Ne1 Nce7 28. Ra6 Rb8 29. Nc2 Qd8 30. Ra7 Nc7 31. Qa4 b5 32. Qa5 bxc4 33. Qxc7 Qxc7 34. Rxc7 cxd3 35. Ne3 Bf6 36. b4 cxb4 37. cxb4 e4 38. g4 f4 39. Rxe7 fxe3 40. Bxe3 Rxb4 41. Rxe4 Rb1+ 42. Bf1 Bd5 43. Re8+ Kg7 44. Bd2 Rd1 45. Re3 Rxd2 46. Rxd3 Rxd3 47. Bxd3 Bf3 48. h3 Be5 49. Bb5 Kf6 50. Kf1 Bf4 51. Bd3 Ke5 52. Bb5 Kd4 53. Ba6 Kc3 54. Bb5 Kd2 55. Bd7 Be2+ 56. Kg2 Ke1 57. h4 Bf1+ 58. Kf3 Be2+ 59. Kg2 Bc4 60. hxg5 Bd5+ 61. f3 hxg5 62. Bb5 Bb3 63. Ba6 Bd1 64. Bb5 Be2 65. Bc6 Bf1+ 66. Kg1 Be3+ 0-1

[Event "Sochi Doroshkevich Amateur op"]
[Site "Sochi"]
[Date "2017.12.23"]
[Round "3"]
[White "Martynov, Alexandr"]
[Black "Morin, Andrey"]
[Result "0-1"]
[WhiteElo "1879"]
[BlackElo "2083"]
[PlyCount "68"]
[EventDate "2017.12.21"]
[EventType "swiss"]
[EventRounds "9"]
[EventCountry "RUS"]
[SourceTitle "CBM 182 Extra"]
[Source "ChessBase"]
[SourceDate "2018.02.23"]
[SourceVersion "1"]
[SourceVersionDate "2018.02.23"]
[SourceQuality "1"]

1. d4 Nf6 2. Bf4 g6 3. Nc3 d5 4. Qd2 c6 5. Bh6 Bxh6 6. Qxh6 Qd6 7. Nf3 Ne4 8. a3 Nd7 9. e3 Nxc3 10. bxc3 Nb6 11. Qg7 Qf6 12. Qxf6 exf6 13. a4 Bf5 14. Bd3 Bxd3 15. cxd3 0-0-0 16. a5 Na8 17. a6 b6 18. c4 Kd7 19. 0-0 Rb8 20. e4 Nc7 21. g4 Ne6 22. h4 h6 23. Rfd1 Rhc8 24. Kh2 b5 25. c5 Rd8 26. Kg3 Ke7 27. Rab1 Rd7 28. Rb4 dxe4 29. dxe4 Nxc5 30. Rb2 Nxe4+ 31. Kf4 Nc3 32. Re1+ Kd8 33. Rc1 Nd5+ 34. Kg3 Rb6 0-1

[Event "Sochi Doroshkevich Amateur op"]
[Site "Sochi"]
[Date "2017.12.21"]
[Round "1"]
[White "Alexeev, Alexey"]
[Black "Morin, Andrey"]
[Result "1-0"]
[WhiteElo "2299"]
[BlackElo "2083"]
[PlyCount "51"]
[EventDate "2017.12.21"]
[EventType "swiss"]
[EventRounds "9"]
[EventCountry "RUS"]
[SourceTitle "CBM 182 Extra"]
[Source "ChessBase"]
[SourceDate "2018.02.23"]
[SourceVersion "1"]
[SourceVersionDate "2018.02.23"]
[SourceQuality "1"]

1. d4 Nf6 2. c4 g6 3. Nc3 Bg7 4. Bg5 0-0 5. e3 c5 6. d5 d6 7. Bd3 Qa5 8. Nge2 b5 9. cxb5 a6 10. 0-0 axb5 11. Bxb5 Ba6 12. a4 h6 13. Bh4 Qb4 14. f4 Bxb5 15. axb5 Nbd7 16. Rb1 Nb6 17. Be1 Nc4 18. Qd3 Nd7 19. e4 Ndb6 20. e5 Nxb2 21. Qf3 Qa3 22. exd6 exd6 23. f5 Be5 24. Bd2 Kg7 25. f6+ Kh7 26. Bxh6 1-0

[Event "Krasnoyarsk Regional-ch"]
[Site "Krasnoyarsk"]
[Date "2017.10.03"]
[Round "3"]
[White "Petrukhina, Olga"]
[Black "Morin, Andrey"]
[Result "1/2-1/2"]
[WhiteElo "2106"]
[BlackElo "2059"]
[PlyCount "83"]
[EventDate "2017.09.30"]
[EventType "swiss"]
[EventRounds "9"]
[EventCountry "RUS"]
[SourceTitle "CBM 181 Extra"]
[Source "ChessBase"]
[SourceDate "2017.12.12"]
[SourceVersion "1"]
[SourceVersionDate "2017.12.12"]
[SourceQuality "1"]

1. Nf3 Nf6 2. g3 g6 3. Bg2 Bg7 4. 0-0 0-0 5. d4 d6 6. c4 Nbd7 7. Nc3 e5 8. h3 c6 9. Qc2 h6 10. Rd1 Qe7 11. b3 e4 12. Nh2 Re8 13. Nf1 Nf8 14. Ne3 h5 15. Rb1 Bh6 16. Nf1 Bxc1 17. Qxc1 d5 18. Qg5 Be6 19. cxd5 cxd5 20. Rbc1 N8h7 21. Qf4 Qd7 22. Kh2 Rac8 23. a4 a6 24. a5 Qd8 25. Qd2 Qxa5 26. Nxe4 Qxd2 27. Nexd2 Ng5 28. Ne3 Kf8 29. h4 Nge4 30. Nxe4 Nxe4 31. Bxe4 dxe4 32. d5 Bg4 33. Nxg4 hxg4 34. d6 Rxc1 35. Rxc1 Rd8 36. Rc4 Rxd6 37. Rxe4 Rb6 38. b4 f5 39. Rf4 Rb5 40. f3 gxf3 41. exf3 Kg7 42. g4 1/2-1/2

[Event "Krasnoyarsk-ch"]
[Site "Krasnoyarsk"]
[Date "2017.02.07"]
[Round "7"]
[White "Dymko, Kirill"]
[Black "Morin, Andrey"]
[Result "1/2-1/2"]
[WhiteElo "1864"]
[BlackElo "2065"]
[PlyCount "64"]
[EventDate "2017.02.01"]
[EventType "swiss"]
[EventRounds "9"]
[EventCountry "RUS"]
[SourceTitle "CBM 176 Extra"]
[Source "ChessBase"]
[SourceDate "2017.03.02"]
[SourceVersion "1"]
[SourceVersionDate "2017.03.02"]
[SourceQuality "1"]

1. e4 e6 2. d4 d5 3. e5 c5 4. c3 Qb6 5. g3 Nc6 6. Ne2 cxd4 7. cxd4 Nge7 8. Bh3 Nf5 9. Bxf5 exf5 10. Nbc3 Be6 11. Rb1 Be7 12. h4 f4 13. Bxf4 Bf5 14. Ra1 Qxb2 15. 0-0 0-0 16. Qa4 Bc2 17. Bc1 Qxc3 18. Nxc3 Bxa4 19. Nxa4 Nxd4 20. Nc3 Nf3+ 21. Kg2 Nxe5 22. Nxd5 Bc5 23. Be3 Bxe3 24. Nxe3 Rfd8 25. Rfb1 Rd7 26. Rb5 f6 27. a4 b6 28. a5 bxa5 29. Rbxa5 Nc6 30. Ra6 Nb4 31. R6a4 Nc6 32. Ra6 Nb4 1/2-1/2

[Event "Krasnoyarsk Marchko Memorial"]
[Site "Krasnoyarsk"]
[Date "2016.12.23"]
[Round "7"]
[White "Tikhomirov, Alexey"]
[Black "Morin, Andrey"]
[Result "1-0"]
[WhiteElo "2162"]
[BlackElo "2099"]
[PlyCount "85"]
[EventDate "2016.12.17"]
[EventType "tourn"]
[EventRounds "9"]
[EventCountry "RUS"]
[SourceTitle "CBM 176 Extra"]
[Source "ChessBase"]
[SourceDate "2017.03.02"]
[SourceVersion "1"]
[SourceVersionDate "2017.03.02"]
[SourceQuality "1"]

1. Nf3 Nf6 2. c4 g6 3. Nc3 Bg7 4. e4 d6 5. g3 0-0 6. Bg2 c5 7. 0-0 Nc6 8. h3 Nd4 9. d3 Nxf3+ 10. Qxf3 Nd7 11. Qd1 Ne5 12. Be3 a6 13. a4 Rb8 14. Kh2 Bd7 15. Qd2 b5 16. axb5 axb5 17. f4 b4 18. Ne2 Nc6 19. d4 Na5 20. Qd3 cxd4 21. Bxd4 e5 22. Be3 Bc6 23. f5 Nb7 24. b3 f6 25. g4 Ra8 26. Ng3 Nc5 27. Qc2 Qe7 28. Bd2 Qb7 29. h4 Rfb8 30. Bh1 Qb6 31. Be3 Qb7 32. fxg6 hxg6 33. h5 gxh5 34. gxh5 Rxa1 35. Rxa1 Ra8 36. Rg1 Kh7 37. Nf5 Bf8 38. Bxc5 dxc5 39. Qg2 Qf7 40. Qg6+ Qxg6 41. hxg6+ Kg8 42. g7 Ra2+ 43. Kh3 1-0

[Event "Krasnoyarsk Marchko Memorial"]
[Site "Krasnoyarsk"]
[Date "2016.12.20"]
[Round "4"]
[White "Bychkov, Vladimir"]
[Black "Morin, Andrey"]
[Result "1/2-1/2"]
[WhiteElo "2215"]
[BlackElo "2099"]
[PlyCount "73"]
[EventDate "2016.12.17"]
[EventType "tourn"]
[EventRounds "9"]
[EventCountry "RUS"]
[SourceTitle "CBM 176 Extra"]
[Source "ChessBase"]
[SourceDate "2017.03.02"]
[SourceVersion "1"]
[SourceVersionDate "2017.03.02"]
[SourceQuality "1"]

1. d4 Nf6 2. Nf3 g6 3. c4 Bg7 4. Nc3 0-0 5. e4 d6 6. Be2 e5 7. 0-0 Nc6 8. d5 Ne7 9. Qc2 Nd7 10. Rd1 Kh8 11. a3 Ng8 12. b4 Bh6 13. c5 Bxc1 14. Raxc1 Ndf6 15. Nd2 Ne8 16. Nc4 f6 17. a4 Nh6 18. a5 f5 19. b5 f4 20. f3 g5 21. b6 a6 22. c6 Rb8 23. Na4 g4 24. bxc7 Qxc7 25. Ncb6 gxf3 26. Bxf3 Bg4 27. Kh1 Nf6 28. Qe2 Rg8 29. Rd2 Bxf3 30. gxf3 Rg6 31. Rdc2 Rbg8 32. cxb7 Qxb7 33. Rc8 Qg7 34. Rxg8+ Nhxg8 35. Qf2 Nh5 36. Rc2 Rh6 37. Qe1 1/2-1/2

[Event "Krasnoyarsk Region-ch"]
[Site "Krasnoyarsk"]
[Date "2016.10.09"]
[Round "11"]
[White "Langin, Viktor Petrovich"]
[Black "Morin, Andrey"]
[Result "1/2-1/2"]
[WhiteElo "1943"]
[BlackElo "2089"]
[PlyCount "63"]
[EventDate "2016.09.29"]
[EventType "swiss"]
[EventRounds "11"]
[EventCountry "RUS"]
[SourceTitle "EXT 2018"]
[Source "ChessBase"]
[SourceDate "2017.10.13"]
[SourceVersion "1"]
[SourceVersionDate "2017.10.13"]
[SourceQuality "1"]

1. e4 e6 2. d4 d5 3. Nd2 c5 4. c3 cxd4 5. cxd4 Nc6 6. Ngf3 dxe4 7. Nxe4 Nf6 8. Bd3 Bb4+ 9. Bd2 0-0 10. Bxb4 Nxb4 11. 0-0 Nxd3 12. Qxd3 h6 13. Nxf6+ Qxf6 14. Rac1 Rd8 15. Rfe1 Bd7 16. Ne5 Bc6 17. Nxc6 bxc6 18. Rxc6 Rxd4 19. Qc3 Rad8 20. Rc8 g6 21. Rxd8+ Qxd8 22. h3 h5 23. Qc5 Rd7 24. Rc1 Qf6 25. b4 Kg7 26. a4 Qd4 27. Qxd4+ Rxd4 28. Rc7 Rxb4 29. Rxa7 Rb1+ 30. Kh2 h4 31. g3 hxg3+ 32. Kxg3 1/2-1/2

[Event "Krasnoyarsk Region-ch"]
[Site "Krasnoyarsk"]
[Date "2016.10.06"]
[Round "8"]
[White "Morin, Andrey"]
[Black "Dobrovolskiy, Roman"]
[Result "1/2-1/2"]
[WhiteElo "2089"]
[BlackElo "2172"]
[PlyCount "60"]
[EventDate "2016.09.29"]
[EventType "swiss"]
[EventRounds "11"]
[EventCountry "RUS"]
[SourceTitle "EXT 2018"]
[Source "ChessBase"]
[SourceDate "2017.10.13"]
[SourceVersion "1"]
[SourceVersionDate "2017.10.13"]
[SourceQuality "1"]

1. e4 e5 2. Nf3 Nc6 3. Nc3 Nf6 4. Bb5 d6 5. d4 Bd7 6. 0-0 Be7 7. d5 Nb8 8. Bxd7+ Qxd7 9. Ne1 0-0 10. Nd3 c6 11. f4 cxd5 12. exd5 Re8 13. Re1 Na6 14. Qf3 Qf5 15. Bd2 Rac8 16. fxe5 Qxf3 17. gxf3 dxe5 18. Nxe5 Nb4 19. Rac1 Bc5+ 20. Kg2 Bd4 21. Ng4 Nbxd5 22. Nxd5 Nxd5 23. c3 Bc5 24. Rcd1 h5 25. Nf2 f5 26. Bc1 Rxe1 27. Rxe1 Rd8 28. Nh3 Bd6 29. Rd1 Be5 30. Re1 Bd6 1/2-1/2

[Event "Krasnoyarsk Region-ch"]
[Site "Krasnoyarsk"]
[Date "2016.10.04"]
[Round "6"]
[White "Koshaev, Valerij"]
[Black "Morin, Andrey"]
[Result "0-1"]
[WhiteElo "2094"]
[BlackElo "2089"]
[PlyCount "168"]
[EventDate "2016.09.29"]
[EventType "swiss"]
[EventRounds "11"]
[EventCountry "RUS"]
[SourceTitle "EXT 2018"]
[Source "ChessBase"]
[SourceDate "2017.10.13"]
[SourceVersion "1"]
[SourceVersionDate "2017.10.13"]
[SourceQuality "1"]

1. d4 Nf6 2. Nf3 g6 3. Bf4 Bg7 4. e3 d5 5. c4 0-0 6. h3 c5 7. Nc3 Qa5 8. Qa4 Qxa4 9. Nxa4 cxd4 10. exd4 Nc6 11. Nc3 Bf5 12. c5 Be4 13. 0-0-0 Bxf3 14. gxf3 Rfd8 15. Bb5 Nh5 16. Be3 Bf6 17. Kc2 Ng7 18. f4 Nf5 19. Ne2 Rac8 20. Kc3 a5 21. Kb3 b6 22. cxb6 Rb8 23. Ka4 Rxb6 24. Bxc6 Rxc6 25. Rc1 Rb6 26. Ka3 a4 27. Nc3 e6 28. Nxa4 Be7+ 29. Rc5 Bxc5+ 30. dxc5 Ra6 31. b3 d4 32. Bc1 Rb8 33. Bd2 Ne7 34. Rc1 Nc6 35. Rc4 Rba8 36. Kb2 f6 37. a3 R8a7 38. Kc2 e5 39. fxe5 fxe5 40. Kd3 Rf7 41. f4 exf4 42. Ke2 f3+ 43. Kf2 Ra8 44. Bh6 Re8 45. Rc2 d3 46. Rd2 Re2+ 47. Kf1 f2 48. Rd1 Nd4 49. Nc3 Re1+ 50. Rxe1 fxe1Q+ 51. Kxe1 Nxb3 52. c6 Na5 53. Kd2 Nxc6 54. h4 Ne5 55. Bg5 Rf3 56. a4 Nc4+ 57. Ke1 Rh3 58. Kf2 Rh2+ 59. Kf3 Rc2 60. Ne4 Ra2 61. Nf2 d2 62. Nd1 Rxa4 63. Ke2 Ra3 64. Nf2 Ra1 65. Bxd2 Nxd2 66. Kxd2 Ra4 67. h5 Ra2+ 68. Ke3 Rxf2 69. Kxf2 g5 70. Kf3 Kg7 71. Kg3 Kf6 72. Kg4 h6 73. Kh3 Kf5 74. Kg3 Ke4 75. Kg4 Ke5 76. Kf3 Kd4 77. Kg3 Ke3 78. Kg4 Kf2 79. Kf5 Kf3 80. Kg6 g4 81. Kxh6 g3 82. Kh7 g2 83. Kh8 g1Q 84. h6 Qd4+ 0-1

[Event "Krasnoyarsk Region-ch"]
[Site "Krasnoyarsk"]
[Date "2016.10.03"]
[Round "5"]
[White "Morin, Andrey"]
[Black "Muzafarov, Kamil"]
[Result "1/2-1/2"]
[WhiteElo "2089"]
[BlackElo "2082"]
[PlyCount "89"]
[EventDate "2016.09.29"]
[EventType "swiss"]
[EventRounds "11"]
[EventCountry "RUS"]
[SourceTitle "EXT 2018"]
[Source "ChessBase"]
[SourceDate "2017.10.13"]
[SourceVersion "1"]
[SourceVersionDate "2017.10.13"]
[SourceQuality "1"]

1. e4 d5 2. exd5 Qxd5 3. Nc3 Qa5 4. d4 c6 5. Nf3 Nf6 6. Bc4 Bf5 7. Bd2 Qc7 8. Ne5 e6 9. Qe2 Bd6 10. 0-0-0 Nbd7 11. Nxd7 Kxd7 12. f3 Bf4 13. g4 Bg6 14. Kb1 Rad8 15. h4 h5 16. g5 Bxd2 17. Qxd2 Nd5 18. Bxd5 cxd5 19. Ne2 Rc8 20. Rc1 Qc4 21. Nf4 Bf5 22. Rhe1 Rc6 23. Re3 Qa6 24. Nd3 Bxd3 25. Rxd3 g6 26. Qf4 Rf8 27. Re3 Qb6 28. c3 Qc7 29. Re5 b5 30. Rce1 Kc8 31. Qf6 Rd8 32. f4 Kb7 33. R5e3 Rd7 34. Qe5 Rd8 35. Qxc7+ Kxc7 36. a3 a5 37. Kc2 Kd6 38. Kd2 b4 39. axb4 axb4 40. Ra1 bxc3+ 41. Rxc3 Rb6 42. b3 Rdb8 43. Kc2 R8b7 44. Ra4 Ke7 45. Ra8 1/2-1/2